000 01118nac a22003257a 4500
001 BR6007359
003 BR-BrBNA
005 20240105121925.0
008 230509b bl.|||m| |||| 00| 0 por d
040 _aBR-BrBNA
_bpor
_cBiblioteca Nacional de Agricultura
072 _aF25; P12
090 _a0210 BR6007359
100 1 _aFranca, G.E. de
100 1 _aBahia Filho, A.F.C.
100 1 _aSantos, H.L. dos
100 1 _aMendes, J.F.
100 1 _aBahia, F.G.F.T.C.
100 1 _aPacheco, E.B.
110 1 _aInstituto de Pesquisa Agropecuaria do Centro-Oeste, Sete Lagoas, MG (Brasil)
245 1 _aEnsaio de nutricao mineral da batata (Solanum tuberosum L.)em solo de cerrado com irrigacao
_bPrograma Articulacao Pesquisa Extensao EPE/ABCAR
260 3 _aSete Lagoas, MG (Brasil):
_c1971.
300 _a4 p.
490 _aSerie Pesquisa Extensao - Instituto de Pesquisa Agropecuaria do Centro-Oeste (Brazil)
_vno. 9
_x
650 _aNutricao Vegetal
650 _aAdubacao
650 _aIrrigacao
650 _aBatata
909 _a202312
_bLúcia Elande
_c55
_dLúcia Elande
942 _2AGRIS
_n0
_cMS
999 _c288251
_d288251